Biblioteca
Vista normal Vista MARC
  • Humanismo (Filosofía)

Entrada Tema o Materia

Número de registros utilizados en: 3

001 - NUMERO DE CONTROL

  • Campo de control: 7310

003 - IDENTIFICADOR DEL NUMERO DE CONTROL

  • Campo de control: SpMaBN

005 - HORA Y FECHA DE LA ULTIMA TRANSACCIÓN

  • Campo de control: 20220708172040.0

008 - CAMPO DE LONGITUD FIJA

  • Campo fijo de descripción fija: 901201dn\anznnbabn |a ana \\

016 ## -

  • : BNE19901007727

024 7# -

  • : http://id.loc.gov/authorities/subjects/sh85062903
  • : lcsh

024 7# -

  • : http://lemac.sgcb.mcu.es/Autoridades/LEMAC201217120/concept
  • : lemac

024 7# -

  • : http://purl.org/bncf/tid/57416
  • : nsbncf

040 ## -

  • : SpMaBN
  • : spa
  • : SpMaBN
  • : rdc
  • : embne

042 ## -

  • : 200304249322PCMPBC BNEP 00

080 ## -

  • : 165.742
  • : 2015

080 ## -

  • : 299.4
  • : 2015

150 ## - ENCABEZAMIENTO DE MATERIA-TEMA

  • Téma o Materia: Humanismo (Filosofía)

450 ## - REFERENCIA DE ENVIO “VEASE” - MATERIA

  • Encabezamiento temático : Humanismo filosófico

450 ## - REFERENCIA DE ENVIO “VEASE” - MATERIA

  • Encabezamiento temático : Humanismo
  • Subdivisión Cronológica: S.XX

550 ## - REFERENCIA DE ENVIO "VEASE ADEMAS" - MATERIA

  • Encabezamiento temático o nombre geográfico como elemento de entrada: Ateísmo

550 ## - REFERENCIA DE ENVIO "VEASE ADEMAS" - MATERIA

  • Encabezamiento temático o nombre geográfico como elemento de entrada: Humanismo

550 ## - REFERENCIA DE ENVIO "VEASE ADEMAS" - MATERIA

  • Encabezamiento temático o nombre geográfico como elemento de entrada: Humanismo cristiano

550 ## - REFERENCIA DE ENVIO "VEASE ADEMAS" - MATERIA

  • Encabezamiento temático o nombre geográfico como elemento de entrada: Racionalismo

550 ## - REFERENCIA DE ENVIO "VEASE ADEMAS" - MATERIA

  • Encabezamiento temático o nombre geográfico como elemento de entrada: Transhumanismo

670 ## - FUENTE EN LA QUE SE LOCALIZARON DATOS

  • Cita de la fuente : CSIC
  • Información localizada : (Humanismo-Historia-19..)

670 ## - FUENTE EN LA QUE SE LOCALIZARON DATOS

  • Cita de la fuente : LCSH
  • Información localizada : (Humanism-History-20th century)

670 ## - FUENTE EN LA QUE SE LOCALIZARON DATOS

  • Cita de la fuente : RAMEAU
  • Información localizada : (Humanisme-20e siècle)

750 #7 - ASIENTO LIGADO AL ENCABEZAMIENTO - TEMATICO

  • Encabezamiento temático : Humanisme-S. XX
  • Source of heading or term: lemac

750 #7 - ASIENTO LIGADO AL ENCABEZAMIENTO - TEMATICO

  • Encabezamiento temático : Humanism-History-20th century
  • Source of heading or term: lcsh

750 #7 - ASIENTO LIGADO AL ENCABEZAMIENTO - TEMATICO

  • Encabezamiento temático : Umanismo
  • Source of heading or term: nsbncf

901 ## -

  • : LAEMBNE

961 ## -

  • : Humanismo (Filosofía)

Biblioteca FUSBC | Teléfono: (57+4) 349 88 10 Ext. 141| WhatsApp (+57) 3005338115 
E-mail: biblioteca@unisbc.edu.co | Calle 76 87-14 Robledo Palenque, Medellín, Colombia

Con tecnología Koha